00322nam a2200145Ia 4500003000900000008004100009040001300050040001300063245004900076245001100125250001200136260001400148300000800162490000600170IT-RoPAU120407s9999 xx 000 0 und d aIT-RoPAU cIT-RoPAU aI primi cristiani. La Chiesa e la sua storia cAA.VV. aMilano  aJaca Book c cm v1